| 000 | 00507nam a2200181Ia 4500 | ||
|---|---|---|---|
| 008 | 090124s9999 xx 000 0 und d | ||
| 082 | _b33572 | ||
| 100 | _aपै शिरीष | ||
| 245 | _a दु:खाचे रंग | ||
| 250 | _a1 | ||
| 260 |
_bदिलीप प्रकाशन _c1996 |
||
| 300 | _a352 | ||
| 600 | _aपै शिरीष | ||
| 630 | _a दु:खाचे रंग | ||
| 700 | _aपै शिरीष | ||
| 730 | _a दु:खाचे रंग | ||
| 942 | _cBOOK | ||
| 999 |
_c99466 _d99466 |
||